Responses for show #4154 - Thursday, September 26, 2002

(Sofia: Get behind the wheel of one of these babies--stock car clues coming up on Jeopardy!)

Contestants

Janice Eisen, a writer and editor from Brookfield, Wisconsin

Brandon Sawyer, a writer from Los Angeles, California

Keith Parrish, a social studies teacher from Goldsboro, North Carolina (whose 1-day cash winnings total $29,801)

Jeopardy! Round responses

THE HISTORY CHANNEL
(Alex: They've got "The Rise & Fall of the Spartans", the new series starting on Monday; it should be very exciting!)
RANKS & TITLES
TV THEME SONGS
THAT'S THE SPOT
TRANSPORTS OF DELIGHT
"OG"
    $200 9
Helen of Troy

Janice
    $200 13
(Brandon: What is a Brahman?)

maharajah

BrandonJanice
    $200 1
The Drew Carey Show

Janice
    $200 20
La Brea Tar Pits

Brandon
    $200 26
tricycle

Brandon
    $200 2
Vogue

Janice
    $400 12
laconic

Brandon
    $400 15
fuhrer

Brandon
    $400 4
M-I-C-K-E-Y M-O-U-S-E

Janice
    $400 21
Nathan Hale

Janice
    $400 27
scull

Keith
    $400 3
clogs

Keith
    $600 14
lambda

Keith
    $600 16
(Janice: What is imam?)

Hakeem

BrandonJanice
    $600 6
Mister Rogers' Neighborhood

Keith
    $600 23
Toronto

Brandon
    $600 28
pounds per square inch

Keith
    $600 5
Shogun

Keith
    $800 18
in childbirth

Keith
    $800 17
Airman First Class

Janice
    $800 7
Gilligan's Island

Keith
    $800 24
(Alex: Less than a minute now.)

Chicago

Janice
    $800 29
quarter horse

Janice
    $800 10
hogan

Janice
    $1000 22
Thermopylae

Keith
    $2,000 19
(Alex: Same as Venice.)

doge

Keith
    $1000 8
Miami Vice

Keith
    $1000 25
San Francisco

Brandon
    $1000 30
motorcycle

Triple Stumper
    $1000 11
apogee

Janice

Scores at the first commercial break (after clue 15):

Keith Brandon Janice
$4,000 $600 $3,000

Scores at the end of the Jeopardy! Round:

Keith Brandon Janice
$8,800 $3,200 $5,200

Double Jeopardy! Round responses

BEFORE & AFTER
(Alex: That's a good way to start!)
AMERICAN MOVIE REMAKES
(Alex: We will give you the foreign title; you have to identify the American version, obviously.)
MISNOMERS
ESSAY QUESTIONS
MULTIPLE CHOICE
SHORT ANSWERS
    $400 11
Surrender, Dorothy Hamill!

Brandon
    $400 1
The Magnificent Seven

Janice
    $400 6
German

Keith
    $400 26
active

Keith
    $400 21
(Keith: What is the Ring Cycle?)

B. Tannhauser

KeithJanice
    $400 16
cut-offs

Keith
    $800 12
The Everly Brothers Grimm

Keith
    $800 2
Three Men and a Baby

Keith
    $800 7
whalebone

Janice
    $800 27
Virginia Woolf

Janice
    $800 22
C. compress

Janice
    $3,000 17
(Keith: [no response])

"Boxer Shorts"

Keith
    $1200 13
The Magical Mystery Tour de France

Keith
    $1200 3
The Birdcage

Keith
    $1200 8
egg cream

Janice
    $1200 28
liberty

Keith
    $1200 23
C. "The Mad Stork"

Keith
    $1200 18
(Brandon: What are Leggs?)

Nair

KeithBrandon
    $1600 14
The Sixth Sense and Sensibility

Brandon
    $1600 4
(Janice: What is "Eyes Wide Shut?")

Vanilla Sky

BrandonJanice
    $1600 9
China

Triple Stumper
    $1600 29
(Janice: Who is James Adams?)
[buzzer sounds]

William James

Janice
Triple Stumper
    $1600 24
(Alex: And we have a minute to go, now.)

D. Selenium

Keith
    $1600 19
Jamaica shorts

Triple Stumper
    $2000 15
(Keith: What is Practice makes perfect...[time]?)

Practice makes Perfect Strangers

KeithJanice
    $2000 5
(Janice: [No response])
(Alex: The return of Richard Gere!)

Sommersby

BrandonJanice
    $4,000 10
(Janice: Don't know.)

Guinea pig

Janice
    $2000 25
B. Renzo Piano

Triple Stumper
    $2000 20
(Keith: I'm sorry, I don't know.)

lycra

KeithBrandon

Scores at the end of the Double Jeopardy! Round:

Keith Brandon Janice
$11,800 $9,600 $2,400

[wagering suggestions for these scores]

Final Jeopardy! Round responses

WORLD LEADERS
JaniceWho is Hirohito?
$0
BrandonWho is Harry Truman
$4,799
KeithWho is Vaclav Havel
$7,401
Emperor Hirohito

Final scores:

Keith Brandon Janice
$4,399 $4,801 $2,400
2nd place: $2,000 New champion: $4,801 3rd place: $1,000

Game dynamics:

Coryat scores:

Keith Brandon Janice
$13,800 $9,600 $6,400
22 R
(including 1 DD),
4 W
(including 1 DD)
12 R,
2 W
18 R,
5 W
(including 1 DD)

Combined Coryat: $29,800

The J! Archive is created by fans, for fans. The Jeopardy! game show and all elements thereof, including but not limited to copyright and trademark thereto, are the property of Jeopardy Productions, Inc. and are protected under law. This website is not affiliated with, sponsored by, or operated by Jeopardy Productions, Inc. Join the discussion at JBoard.tv.